| 000 | 00333nam a22001337a 4500 | ||
|---|---|---|---|
| 020 | _a978-0-143-33375-3 | ||
| 082 |
_a823 _bBON/P |
||
| 100 | _aBOND, RUSKIN | ||
| 245 | _aTHE PARROT WHO WOULDN'T TALK AND OTHER STORIES | ||
| 260 |
_aGURGAON _bPUFFIN BOOKS _c2015 |
||
| 300 | _a101 | ||
| 650 |
_aCHILDRENS STORY BOOK _zINDIA |
||
| 942 | _cBK | ||
| 999 |
_c2771 _d2771 |
||